[Event "Llinars del Valles op-B 13th"]
[Site "Llinars del Valles"]
[Date "2019.06.15"]
[Round "8"]
[White "Argemi Camp, Jaume"]
[Black "Maria Medina, Joan Josep"]
[Result "1-0"]
[WhiteElo "1649"]
[BlackElo "1610"]
[PlyCount "103"]
[EventDate "2019.03.30"]
[EventType "swiss"]
[EventRounds "8"]
[EventCountry "ESP"]
[SourceTitle "EXT 2021"]
[Source "ChessBase"]
[SourceDate "2020.10.23"]
[SourceVersion "1"]
[SourceVersionDate "2020.10.23"]
[SourceQuality "1"]

1. e4 e5 2. g3 d5 3. exd5 Qxd5 4. Qf3 Qc5 5. c3 Nf6 6. Bg2 Nc6 7. Qe3 Ng4 8. Qxc5 Bxc5 9. Nh3 Bd7 10. a4 a5 11. 0-0 h5 12. Ng5 h4 13. Ne4 Ba7 14. d3 f5 15. Ng5 hxg3 16. hxg3 Ke7 17. b3 Rh5 18. Nf3 Kf6 19. Nbd2 Be6 20. Rb1 g5 21. b4 axb4 22. cxb4 f4 23. Ne4+ Kg6 24. Nc5 Bf5 25. Rb3 Nxb4 26. Ne4 Nxd3 27. Rxd3 Bxe4 28. Nxe5+ Nxe5 29. Bxe4+ Kf6 30. Bb2 fxg3 31. Rf3+ Ke6 32. Bf5+ Kd5 33. Rd1+ Kc4 34. Be6+ Kb4 35. Bxe5 Bxf2+ 36. Rxf2 gxf2+ 37. Kxf2 Rf8+ 38. Kg3 c5 39. Rb1+ Kxa4 40. Bd7+ Ka3 41. Rxb7 Rhh8 42. Bb2+ Ka2 43. Be6+ Kb1 44. Bxh8+ Kc2 45. Bg7 Re8 46. Bf5+ Kd2 47. Rb5 Rg8 48. Bh6 c4 49. Rb2+ Kc3 50. Rc2+ Kb4 51. Be6 c3 52. Bxg8 1-0

[Event "Llinars del Valles op-B 13th"]
[Site "Llinars del Valles"]
[Date "2019.06.08"]
[Round "7"]
[White "Maria Medina, Joan Josep"]
[Black "Parra Ordorica, Arnau"]
[Result "1/2-1/2"]
[WhiteElo "1610"]
[BlackElo "1641"]
[PlyCount "92"]
[EventDate "2019.03.30"]
[EventType "swiss"]
[EventRounds "8"]
[EventCountry "ESP"]
[SourceTitle "EXT 2021"]
[Source "ChessBase"]
[SourceDate "2020.10.23"]
[SourceVersion "1"]
[SourceVersionDate "2020.10.23"]
[SourceQuality "1"]

1. b3 Nf6 2. Bb2 g6 3. Bxf6 exf6 4. d4 Bg7 5. e3 0-0 6. Nf3 d6 7. Be2 f5 8. 0-0 g5 9. c3 g4 10. Nfd2 h5 11. Bd3 Re8 12. Re1 d5 13. f4 c6 14. Nf1 h4 15. Qc2 Qf6 16. Qf2 Bh6 17. Nbd2 Be6 18. Rac1 Nd7 19. c4 Rec8 20. b4 Kh8 21. Nb3 a6 22. Nfd2 b5 23. cxb5 cxb5 24. Nc5 Bf8 25. Ndb3 Nb6 26. a3 Nc4 27. Ra1 Be7 28. Qe2 Rg8 29. Bxc4 dxc4 30. Na5 Bxc5 31. dxc5 Bd5 32. Rad1 Rad8 33. Rd4 h3 34. g3 Rge8 35. Qd2 Bf3 36. Kf2 Kg7 37. Qc3 Re4 38. Nc6 Rexd4 39. Nxd4 Kg6 40. Qa1 Bg2 41. Rd1 Re8 42. Re1 Qe7 43. Qb1 Be4 44. Qc1 Qb7 45. Qd1 Bc2 46. c6 Bxd1 1/2-1/2

[Event "Llinars del Valles op-B 13th"]
[Site "Llinars del Valles"]
[Date "2019.06.01"]
[Round "6"]
[White "Lobo Pereira, Arami"]
[Black "Maria Medina, Joan Josep"]
[Result "0-1"]
[WhiteElo "1467"]
[BlackElo "1610"]
[PlyCount "88"]
[EventDate "2019.03.30"]
[EventType "swiss"]
[EventRounds "8"]
[EventCountry "ESP"]
[SourceTitle "EXT 2020"]
[Source "ChessBase"]
[SourceDate "2019.10.17"]
[SourceVersion "1"]
[SourceVersionDate "2019.10.17"]
[SourceQuality "1"]

1. d4 Nf6 2. c4 c5 3. d5 e5 4. Nc3 d6 5. e4 Nbd7 6. Bd3 Be7 7. Nge2 h5 8. 0-0 h4 9. h3 Nh5 10. Kh2 g5 11. Ng1 Nf8 12. Be2 Nf4 13. Bxf4 gxf4 14. Bg4 Bxg4 15. Qxg4 Nd7 16. Qe2 Nf6 17. Nf3 Qd7 18. Nd2 Nh5 19. Rg1 f5 20. Nb3 b6 21. a4 Nf6 22. a5 Kf7 23. axb6 axb6 24. Nd2 fxe4 25. Ndxe4 Qf5 26. Nxf6 Bxf6 27. Nb5 Ke7 28. Nc7 Ra5 29. Rxa5 bxa5 30. Ra1 e4 31. Rxa5 f3 32. Qe3 Be5+ 33. Kg1 Rg8 34. Qh6 Rxg2+ 35. Kf1 Qxh3 36. Qe6+ Qxe6 37. Nxe6 h3 38. Ra7+ Kf6 39. Rh7 h2 40. Rh6+ Kf7 41. Ke1 Rg1+ 42. Kd2 h1Q 43. Rxh1 Rxh1 44. Nd8+ Kg6 0-1

[Event "Llinars del Valles op-B 12th"]
[Site "Llinars del Valles"]
[Date "2018.05.26"]
[Round "6.8"]
[White "Maria Medina, Joan Josep"]
[Black "Martin Roldan, Adam"]
[Result "0-1"]
[WhiteElo "1615"]
[BlackElo "1381"]
[PlyCount "70"]
[EventDate "2018.04.14"]
[EventType "swiss"]
[EventRounds "8"]
[EventCountry "ESP"]
[SourceTitle "CBM 184 Extra"]
[Source "ChessBase"]
[SourceDate "2018.06.28"]
[SourceVersion "1"]
[SourceVersionDate "2018.06.28"]
[SourceQuality "1"]

1. e4 c5 2. Nf3 e6 3. d3 a6 4. c3 d6 5. Nbd2 Nc6 6. Be2 Nf6 7. 0-0 Be7 8. Re1 0-0 9. Qc2 Qc7 10. Nf1 b5 11. a3 Bb7 12. h3 Rac8 13. Bf4 Qd7 14. Rad1 Rfd8 15. g4 e5 16. Be3 h5 17. g5 Nh7 18. h4 g6 19. Ng3 f6 20. Qd2 Rf8 21. Kh2 Nd8 22. Rg1 Ne6 23. gxf6 Bxf6 24. Nxh5 Kf7 25. Nxf6 Nxf6 26. Ng5+ Nxg5 27. Bxg5 Rg8 28. Bxf6 Kxf6 29. Qg5+ Kf7 30. Bg4 Qc7 31. Bxc8 Bxc8 32. h5 Qd7 33. hxg6+ Ke8 34. Qh5 Qg7 35. Qg5 Qh8+ 0-1

[Event "Maresme op 14th"]
[Site "Maresme"]
[Date "2017.11.11"]
[Round "6"]
[White "Maria Medina, Joan Josep"]
[Black "Garcia Gonzalez, Juan"]
[Result "1-0"]
[WhiteElo "1590"]
[BlackElo "1724"]
[PlyCount "65"]
[EventDate "2017.09.30"]
[EventType "swiss"]
[EventRounds "9"]
[EventCountry "ESP"]
[SourceTitle "CBM 181 Extra"]
[Source "ChessBase"]
[SourceDate "2017.12.12"]
[SourceVersion "1"]
[SourceVersionDate "2017.12.12"]
[SourceQuality "1"]

1. e4 g6 2. d4 Bg7 3. Nc3 d6 4. h3 a6 5. a4 b6 6. Nf3 Nd7 7. Be3 Bb7 8. Qd2 Rc8 9. Be2 Ngf6 10. e5 Nd5 11. Nxd5 Bxd5 12. exd6 exd6 13. Bxa6 Rb8 14. Be2 0-0 15. 0-0 Nf6 16. c4 Bb7 17. d5 Qd7 18. Bd3 Ra8 19. b3 Rfe8 20. Rfd1 Ne4 21. Bxe4 Rxe4 22. Bh6 f6 23. Bxg7 Kxg7 24. Re1 Rae8 25. Rxe4 Rxe4 26. Re1 Qe7 27. Rxe4 Qxe4 28. Qe3 Qxe3 29. fxe3 Bc8 30. Nd4 Bd7 31. Nb5 Bxb5 32. cxb5 f5 33. b4 1-0

[Event "Llinars del Valles op-B 10th"]
[Site "Llinars del Valles"]
[Date "2016.05.07"]
[Round "6"]
[White "Maria Medina, Joan Josep"]
[Black "Martin Capitan, Jesus C"]
[Result "0-1"]
[WhiteElo "1584"]
[BlackElo "1865"]
[PlyCount "42"]
[EventDate "2016.04.02"]
[EventType "swiss"]
[EventRounds "9"]
[EventCountry "ESP"]
[SourceTitle "CBM 172 Extra"]
[Source "ChessBase"]
[SourceDate "2016.06.21"]
[SourceVersion "1"]
[SourceVersionDate "2016.06.21"]
[SourceQuality "1"]

1. e4 c5 2. Nf3 g6 3. d4 cxd4 4. Nxd4 Bg7 5. Be3 Nc6 6. Nc3 Nf6 7. f3 0-0 8. Bc4 Qb6 9. Bb3 Nxe4 10. Nxe4 Bxd4 11. Bc1 d5 12. Nc3 e6 13. Bd2 Bg1 14. Qe2 Nd4 15. Qf1 Nxb3 16. axb3 Bd4 17. Na4 Qc7 18. Qd3 Bg7 19. 0-0 Bd7 20. c3 a6 21. Rfe1 b5 0-1

[Event "Llinars del Valles op-B 8th"]
[Site "Llinars del Valles"]
[Date "2014.05.31"]
[Round "5"]
[White "Maria Medina, Joan Josep"]
[Black "Gonzalez Navarro, Carlos Manuel"]
[Result "1-0"]
[WhiteElo "1805"]
[BlackElo "1700"]
[PlyCount "47"]
[EventDate "2014.04.26"]
[EventType "swiss"]
[EventRounds "8"]
[EventCountry "ESP"]
[SourceTitle "EXT 2015"]
[Source "ChessBase"]
[SourceDate "2014.11.20"]
[SourceVersion "1"]
[SourceVersionDate "2014.11.20"]
[SourceQuality "1"]

1. e4 e5 2. Nf3 d6 3. Nc3 Nf6 4. d4 exd4 5. Nxd4 c5 6. Nb3 Nc6 7. Be3 Be7 8. f3 0-0 9. Qd2 Re8 10. 0-0-0 Be6 11. g4 Bxb3 12. cxb3 Qa5 13. h4 a6 14. h5 b5 15. g5 b4 16. Na4 Nd7 17. g6 Nce5 18. gxh7+ Kxh7 19. f4 Nc6 20. Qd5 Rac8 21. Qxf7 Rf8 22. Qg6+ Kh8 23. h6 Bf6 24. hxg7+ 1-0

[Event "Roncana op-B 7th"]
[Site "Santa Eulalia de Roncana"]
[Date "2013.10.26"]
[Round "4"]
[White "Parra Ordorica, Gorka"]
[Black "Maria Medina, Joan Josep"]
[Result "0-1"]
[WhiteElo "1296"]
[BlackElo "1568"]
[PlyCount "78"]
[EventDate "2013.10.05"]
[EventType "swiss"]
[EventRounds "8"]
[EventCountry "ESP"]
[SourceTitle "EXT 2015"]
[Source "ChessBase"]
[SourceDate "2014.11.20"]
[SourceVersion "1"]
[SourceVersionDate "2014.11.20"]
[SourceQuality "1"]

1. e4 b6 2. d4 Bb7 3. Nc3 e6 4. Bd3 Nf6 5. Bg5 h6 6. Bf4 Bb4 7. f3 Bxc3+ 8. bxc3 0-0 9. Ne2 d6 10. 0-0 Re8 11. Rb1 e5 12. Be3 c6 13. Qd2 Nbd7 14. Rb2 Rc8 15. Rfb1 c5 16. d5 c4 17. h3 cxd3 18. cxd3 Nf8 19. c4 Ng6 20. a4 Nd7 21. a5 Nc5 22. axb6 axb6 23. Bxc5 dxc5 24. Rxb6 Ba8 25. R6b3 Qc7 26. g3 Rb8 27. Rxb8 Rxb8 28. Rxb8+ Qxb8 29. Nc3 Bb7 30. Qb2 Qa8 31. Qa2 Qd8 32. Qa7 Bc8 33. Qxc5 Bxh3 34. d6 Qg5 35. Ne2 Nf4 36. Qf2 Nxd3 37. Qh2 Qe3+ 38. Kh1 Qxf3+ 39. Kg1 Qf1# 0-1

[Event "Llinars del Valles op-B 7th"]
[Site "Llinars del Valles"]
[Date "2013.05.04"]
[Round "4"]
[White "Maria Medina, Joan Josep"]
[Black "Las Heras Aixandri, Sara"]
[Result "0-1"]
[WhiteElo "1621"]
[BlackElo "1559"]
[PlyCount "86"]
[EventDate "2013.04.13"]
[EventType "swiss"]
[EventRounds "7"]
[EventCountry "ESP"]
[SourceTitle "CBM 154 Extra"]
[Source "ChessBase"]
[SourceDate "2013.06.25"]
[SourceVersion "2"]
[SourceVersionDate "2013.06.25"]
[SourceQuality "1"]

1. d4 Nf6 2. Bg5 d6 3. Bxf6 gxf6 4. c4 e5 5. Nc3 Nd7 6. e3 Nb6 7. Nf3 Be6 8. Nd2 d5 9. c5 Nc4 10. Nxc4 dxc4 11. Bxc4 Bxc4 12. Qa4+ Qd7 13. Qxc4 Rg8 14. Qb5 c6 15. Qd3 Rxg2 16. Qe4 Qg4 17. Qxg4 Rxg4 18. 0-0-0 0-0-0 19. Ne2 exd4 20. exd4 Re4 21. Rhe1 Bh6+ 22. Kc2 Rde8 23. Kd3 f5 24. Rd2 Bxd2 25. Kxd2 f4 26. f3 Re3 27. b4 Kc7 28. h4 h5 29. a4 a6 30. a5 f6 31. Kd1 Rd3+ 32. Kc2 Ra3 33. Kd2 Ra2+ 34. Kd1 Ra3 35. Kd2 Rae3 36. Kd1 Rd3+ 37. Kc2 Rxf3 38. Ng1 Rxe1 39. Nxf3 Re2+ 40. Kb1 Re3 41. Nd2 f3 42. Nc4 Re1+ 43. Kc2 f2 0-1

[Event "Llinars del Valles op-B 7th"]
[Site "Llinars del Valles"]
[Date "2013.04.27"]
[Round "3"]
[White "Vicente Perales, Manel"]
[Black "Maria Medina, Joan Josep"]
[Result "0-1"]
[WhiteElo "1365"]
[BlackElo "1621"]
[PlyCount "36"]
[EventDate "2013.04.13"]
[EventType "swiss"]
[EventRounds "7"]
[EventCountry "ESP"]
[SourceTitle "CBM 154 Extra"]
[Source "ChessBase"]
[SourceDate "2013.06.25"]
[SourceVersion "2"]
[SourceVersionDate "2013.06.25"]
[SourceQuality "1"]

1. d4 Nf6 2. c4 e5 3. e3 exd4 4. exd4 Be7 5. Nf3 0-0 6. Bd3 d6 7. 0-0 Bg4 8. Nc3 Nbd7 9. Ne4 Re8 10. Re1 c6 11. Bf4 d5 12. cxd5 Nxd5 13. Bg5 N7f6 14. Nxf6+ Nxf6 15. h3 Bxf3 16. Qxf3 Qxd4 17. b3 h6 18. Be3 Qxd3 0-1